55 карти за игра с динозаври (Запис номер 520792)
[ съкратено ]
| 000 -Лидер | |
|---|---|
| Лидер | 01237nam a2200277 a 4500 |
| 003 - Код на организацията, давaща контролен номер | |
| Код на организацията, даваща контролен номер | BLK |
| 005 - Дата и час на последна редакция | |
| Дата и час на последна редакция | 20241030100403.0 |
| 007 - Фиксирано поле за физическо описани | |
| Физическо описание | zm |
| 008 - Елементи от данни с фиксирана дължина | |
| Елементи с фиксирана дължина | 241030b bu |||||r|||| 00| | bu d |
| 020 ## - Международен стандартен номер на книга ISBN | |
| ISBN | 9786192406820 |
| 040 ## - Източник на каталожния запис | |
| Код на библиотеката | BLK |
| 041 ## - Код за език | |
| Език | Български |
| Език за КДБФ | Български |
| 080 ## - УДК | |
| УДК текст | Издания за деца и юноши. Книжки-картинки. Читанки. Вж и 372.4 |
| УДК код | 087.5 |
| УДК – код + определител | 087.5 |
| 9 (RLIN) | 231478 |
| 100 ## - Редна дума - Автор | |
| R(LIN) | 365245 |
| Автор | Манолов, Валери |
| Години, свързани с автора | 1962 - |
| Пълна форма на името | Иванов, Валери Манолов |
| 245 ## - Сведения за заглавието | |
| Заглавие | 55 карти за игра с динозаври |
| Авторска отговорност | Валери Манолов ; ил. Спас Спасов |
| 260 ## - Област на издателските данни | |
| 9 (RLIN) | 209558 |
| Място на издаване | София |
| Име на издателя | ПАН |
| Година на издаване | 2022 |
| Печатница | София : Циан |
| 300 ## - Физическа характеристика | |
| Брой страници | 55 отд. к. : с цв. ил. |
| Размер | 12 x 7 см, в кутия |
| 380 ## - Жанр | |
| Жанр | Детска отраслова лит. |
| 500 ## - Общи забележки | |
| Обща забележка | Кор. опис. - Пълната форма на името на авт. Валери Манолов е Валери Манолов Иванов |
| 700 ## - Други автори (авторска отговорност) | |
| 9 (RLIN) | 367219 |
| Друг автор | Спасов, Спас Димитров |
| 852 ## - Местоположение | |
| Сигнатура (форматна) | Цб І 42928 |
| Отдел | Хранилище |
| 856 ## - Електронен адрес и достъп | |
| Инструкция (цена за достъп) | 0.00 |
| Права за достъп | disable |
| 942 ## - АРТИКУЛИ | |
| Вид на библиотечния документ | Книги |
| Скрит в OPAC | Не |
| Периодичен библиозапис | Да |
| 944 ## - СЪЗДАВАНЕ И РЕДАКЦИЯ на ЗАПИСА | |
| Дата на регистрацията/редакция | Геновева Генчева |
| Служител, извършил регистрацията/редакцията | 30560 |
| Номер на служител | Геновева Генчева |
| 999 ## - СИСТЕМНИ КОНТРОЛНИ НОМЕРА | |
| Koha biblionumber | 520792 |
| Koha biblioitemnumber | 520792 |
| Код за отписване | Код за изгубен артикул | Източник на класификационната схема | Код за повреда | Коз за рестрикции | Код за отдаване | Артикулен № | Име на библиотеката - собственик | Име на библиотеката, в която се намира в момента | Статус (Текущо местоположение) | Дата на вписване в системата | Местоположение - отдел | Цена в лева | Инвентарен номер | Систематично азбучна сигнатура | Баркод | Цена в евро | Служебен тип на артикула |
|---|---|---|---|---|---|---|---|---|---|---|---|---|---|---|---|---|---|
| Не е изгубен | Universal Decimal Classification | Не е повреден | само за читалня | ползва се в читалня | 953552 | Регионална библиотека "Любен Каравелов" Русе | Регионална библиотека "Любен Каравелов" Русе | Хранилище | 2024-10-30 | Хранилище | 9.90 | 120000914352 | Цб І 42928 | 120000914352 | 5.06 | Книги |